Betlémská kaple národní kulturní památka

Bibliographic Details
Main Author: Vávra, Jindřich, 1928-2001 (Author)
Format: Book
Language:Czech
PhysicalDescription:26 strán ilustrácie, plány 21 cm
Published: Praha Olympia 1968
Edition:Vydání první
Subjects:

MARC

LEADER 00000cam a2200000 4500
001 vtls001356485
003 SK-MaSNL
005 20260302071020.0
008 240314s1968 xr ae grf 00000dcze
035 |a SNK000309961 
040 |a SNK  |b slo  |c SNK  |e rda 
043 |a e-xr--- 
072 7 |a 72  |x Architektúra  |2 konspekt 
080 |a 726:27-523.43  |2 2011 
080 |a 27-52:904  |2 2011 
080 |a 94(437.3)  |2 2011 
080 |a (036)913  |2 2011 
100 1 |a Vávra, Jindřich,  |d 1928-2001  |4 aut  |9 99007 
245 1 0 |a Betlémská kaple  |b národní kulturní památka  |c Jindřich Vávra 
250 |a Vydání první 
264 1 |a Praha  |b Olympia  |c 1968 
300 |a 26 strán  |b ilustrácie, plány  |c 21 cm 
336 |a text  |b txt  |2 rdacontent 
337 |a bez média  |b n  |2 rdamedia 
338 |a zväzok  |b nc  |2 rdacarrier 
366 |e 8000 kusov 
610 2 7 |a Betlémská kaple (Praha, Česko)  |2 SNKKA  |9 684685 
650 0 7 |a kaplnky  |2 SNKPH  |9 3026 
650 0 7 |a cirkevné pamiatky  |2 SNKPH  |9 29576 
650 0 7 |a Chapels  |2 SNKPHeng  |9 332054 
650 0 7 |a Church antiquities  |2 SNKPHeng  |9 276118 
651 7 |a Česko  |x dejiny  |2 SNKPHgeo  |9 58420 
651 7 |a Czechia  |x History  |2 SNKPHeng  |9 170109 
655 7 |a turistickí sprievodcovia (publikácie)  |2 SNKPH  |9 191298 
655 7 |a Tourist guidebooks  |2 SNKPHeng  |9 291226 
852 |a Štátna vedecká knižnica v Banskej Bystrici 
958 |a OND 
999 |c 1150113  |d 1152043 
952 |t P60, <04>, [BOOK], {604}  |a SNK  |b SNK  |y VYP  |7 0  |p 17A0184212  |o snkID 47937 D1  |0 0  |1 1  |4 0  |d 1999-03-02  |l 0  |r 2005-01-02 00:00:00  |w 2026-02-24